000 00531nam a22001697a 4500
001 45648
003 BD-DhUET
008 250802b xxu||||| |||| 00| 0 eng d
040 _c0
_dBD-DhUET
100 _aTawhid Alam
245 _aDevelopment of Ag/CeO2 nanostructured electrode and evaluation of its catalytic properties in water splitting for Hydrogen energy generation
260 _aDhaka
_b Department of Chemistry, BUET
_c2025
300 _ax, 48 p.
501 _aOne CD-ROM
504 _aIncludes bibliographies
942 _cTH
999 _c45648
_d45648